| 000 -LEADER |
| fixed length control field |
00455nam a22001577a 4500 |
| 008 - FIXED-LENGTH DATA ELEMENTS--GENERAL INFORMATION |
| fixed length control field |
191226b ||||| |||| 00| 0 eng d |
| 082 00 - DEWEY DECIMAL CLASSIFICATION NUMBER |
| Classification number |
621.3132 |
| Item number |
T5832 |
| 100 ## - MAIN ENTRY--PERSONAL NAME |
| 9 (RLIN) |
261 |
| Personal name |
Timbie, William H. |
| 245 10 - TITLE STATEMENT |
| Title |
Industrial electricity: Alternating-Current Practice |
| 260 ## - PUBLICATION, DISTRIBUTION, ETC. (IMPRINT) |
| Place of publication, distribution, etc |
NewYork |
| Name of publisher, distributor, etc |
John wiley &sons |
| Date of publication, distribution, etc |
1949 |
| 300 ## - PHYSICAL DESCRIPTION |
| Extent |
ix,781p. |
| 365 ## - TRADE PRICE |
| Price amount |
11 |
| 650 #0 - SUBJECT ADDED ENTRY--TOPICAL TERM |
| Topical term or geographic name as entry element |
Electrical Engineering |
| 700 ## - ADDED ENTRY--PERSONAL NAME |
| 9 (RLIN) |
415 |
| Personal name |
Willson, Frank G. |
| 942 ## - ADDED ENTRY ELEMENTS (KOHA) |
| Item type |
Books |